Kihívások és lehetőségek az óvodai fejlesztésben

Ez a tanulmány az Óvoda és nevelés a 21. században című konferencián elhangzott, azonos című előadás szerkesztett változata. A konferencián mintegy 200 pedagógus köszöntötte Nagy Józsefet 85. születésnapján. Az ünnepelt a hazai pedagógiai kutatók egyik legkiemelkedőbb, legnagyobb hatású alakja. Munk...

Teljes leírás

Elmentve itt :
Bibliográfiai részletek
Szerző: Józsa Krisztián
Dokumentumtípus: Cikk
Megjelent: 2016
Sorozat:Iskolakultúra 26 No. 4
mtmt:http://www.iskolakultura.hu/ikultura-folyoirat/documents/2016/04/06.pdf
Online Access:http://misc.bibl.u-szeged.hu/41515
LEADER 01261nab a2200193 i 4500
001 misc41515
005 20191106140412.0
008 180706s2016 hu o 0|| zxx d
022 |a 1215-5233 
024 7 |a http://www.iskolakultura.hu/ikultura-folyoirat/documents/2016/04/06.pdf  |2 doi 
040 |a SZTE Miscellanea Repozitórium  |b hun 
041 |a zxx 
100 1 |a Józsa Krisztián 
245 1 0 |a Kihívások és lehetőségek az óvodai fejlesztésben  |h [elektronikus dokumentum] /  |c  Józsa Krisztián 
260 |c 2016 
300 |a 59-74 
490 0 |a Iskolakultúra  |v 26 No. 4 
520 3 |a Ez a tanulmány az Óvoda és nevelés a 21. században című konferencián elhangzott, azonos című előadás szerkesztett változata. A konferencián mintegy 200 pedagógus köszöntötte Nagy Józsefet 85. születésnapján. Az ünnepelt a hazai pedagógiai kutatók egyik legkiemelkedőbb, legnagyobb hatású alakja. Munkái számos területen megújították az óvodai, iskolai gyakorlatot. Írásomban áttekintem azoknak a koragyermekkori kutatásoknak a főbb állomásait és eredményeit, melyek Nagy József munkásságának köszönhetően valósultak meg az elmúlt fél évszázadban. 
856 4 0 |u http://misc.bibl.u-szeged.hu/41515/1/06.pdf  |z Dokumentum-elérés